[Event "Assis 1st"]
[Site "Assis"]
[Date "2010.05.31"]
[Round "4.1"]
[White "Meschede, Henri"]
[Black "Suardi, Roberto Jr"]
[Result "0-1"]
[WhiteElo "1822"]
[BlackElo "2140"]
[PlyCount "30"]
[EventDate "2010.05.29"]
[EventType "tourn"]
[EventRounds "14"]
[EventCountry "BRA"]
[SourceTitle "EXT 2022"]
[Source "ChessBase"]
[SourceDate "2021.10.06"]
[SourceVersion "1"]
[SourceVersionDate "2021.10.06"]
[SourceQuality "1"]

1. e4 Nf6 2. Nc3 d5 3. exd5 Nxd5 4. Nxd5 Qxd5 5. Nf3 Bf5 6. b3 e6 7. Bb2 c6 8. Be2 Nd7 9. Nh4 Bg6 10. Nxg6 hxg6 11. 0-0 0-0-0 12. a4 Bd6 13. h3 Qg5 14. Kh1 Qf5 15. g3 Rxh3+ 0-1

[Event "Assis 1st"]
[Site "Assis"]
[Date "2010.05.30"]
[Round "2.4"]
[White "Meschede, Henri"]
[Black "Oliveira, Silvio Eduardo"]
[Result "0-1"]
[WhiteElo "1822"]
[BlackElo "2359"]
[PlyCount "70"]
[EventDate "2010.05.29"]
[EventType "tourn"]
[EventRounds "14"]
[EventCountry "BRA"]
[SourceTitle "EXT 2022"]
[Source "ChessBase"]
[SourceDate "2021.10.06"]
[SourceVersion "1"]
[SourceVersionDate "2021.10.06"]
[SourceQuality "1"]

1. e4 d6 2. Nf3 Nf6 3. Nc3 g6 4. Bc4 Bg7 5. d4 0-0 6. 0-0 c6 7. Re1 d5 8. Bd3 dxe4 9. Bxe4 Nxe4 10. Nxe4 Nd7 11. c3 Nf6 12. Nxf6+ exf6 13. Bd2 Be6 14. a3 a5 15. Be3 a4 16. Nd2 f5 17. b3 Qd6 18. bxa4 f4 19. Ne4 Qc7 20. Bc1 Bd5 21. f3 h6 22. h4 b6 23. Qd2 f5 24. Nf2 g5 25. hxg5 hxg5 26. Nh3 Bf6 27. Qc2 Qh7 28. Kf2 Qh4+ 29. Kg1 Qxe1+ 30. Kh2 Rae8 31. Qxf5 Qg3+ 32. Kh1 Re1+ 33. Ng1 Rxg1+ 34. Kxg1 Bxd4+ 35. cxd4 Rxf5 0-1